Über ökologie der Weberknechte der inundationsräume der Theiss

Elmentve itt :
Bibliográfiai részletek
Szerző: Kolosváry Gábor
Dokumentumtípus: Cikk
Megjelent: 1966
Sorozat:Tiscia
Kulcsszavak:Természettudomány
Online Access:http://acta.bibl.u-szeged.hu/9645
LEADER 00602nab a2200181 i 4500
001 acta9645
005 20210323142707.0
008 161015s1966 hu o 0|| ger d
022 |a 0563-587X 
040 |a SZTE Egyetemi Kiadványok Repozitórium  |b hun 
041 |a ger 
100 1 |a Kolosváry Gábor 
245 1 0 |a Über ökologie der Weberknechte der inundationsräume der Theiss  |h [elektronikus dokumentum] /  |c  Kolosváry Gábor 
260 |c 1966 
300 |a 121-125 
490 0 |a Tiscia 
695 |a Természettudomány 
856 4 0 |u http://acta.bibl.u-szeged.hu/9645/1/tiscia_002_121-125.pdf  |z Dokumentum-elérés